[Event "EU-ch blitz"]
[Site "Warsaw"]
[Date "2011.12.16"]
[Round "1"]
[White "Audin, Thierry"]
[Black "Bacrot, Etienne"]
[Result "0-1"]
[WhiteElo "2022"]
[BlackElo "2714"]
[PlyCount "46"]
[EventDate "2011.12.16"]
[EventType "swiss (blitz)"]
[EventRounds "13"]
[EventCountry "POL"]
[SourceTitle "CBM 145 Extra"]
[Source "ChessBase"]
[SourceDate "2012.01.03"]
[SourceVersion "1"]
[SourceVersionDate "2012.01.03"]
[SourceQuality "1"]

1. d4 Nf6 2. Nc3 d5 3. Bg5 c6 4. Nf3 Bf5 5. Bxf6 exf6 6. e3 Be6 7. Bd3 f5 8. Nd2 Bd6 9. Qf3 g6 10. h4 Nd7 11. Ne2 Qb6 12. 0-0 Nf6 13. c4 Qxb2 14. Rfd1 Qa3 15. Nc1 Qa5 16. Ncb3 Qc7 17. cxd5 Bxd5 18. Qe2 0-0 19. Nc4 Rae8 20. Nxd6 Qxd6 21. Nd2 Ng4 22. g3 Rxe3 23. fxe3 Qxg3+ 0-1

[Event "EU-ch blitz"]
[Site "Warsaw"]
[Date "2011.12.16"]
[Round "1"]
[White "Bacrot, Etienne"]
[Black "Audin, Thierry"]
[Result "1-0"]
[WhiteElo "2714"]
[BlackElo "2022"]
[PlyCount "28"]
[EventDate "2011.12.16"]
[EventType "swiss (blitz)"]
[EventRounds "13"]
[EventCountry "POL"]
[SourceTitle "CBM 145 Extra"]
[Source "ChessBase"]
[SourceDate "2012.01.03"]
[SourceVersion "1"]
[SourceVersionDate "2012.01.03"]
[SourceQuality "1"]

1. d4 d5 2. Nf3 Nc6 3. g3 Bg4 4. Bg2 f6 5. h3 Bh5 6. g4 Bf7 7. Bf4 e6 8. 0-0 Bd6 9. Bxd6 Qxd6 10. Nbd2 h5 11. g5 Nge7 12. c4 e5 13. dxe5 fxe5 14. cxd5 Bxd5 1-0

[Event "Fourmies op 35th"]
[Site "Fourmies"]
[Date "2011.06.12"]
[Round "5"]
[White "Debevere, Francois Xavier"]
[Black "Audin, Thierry"]
[Result "0-1"]
[WhiteElo "1706"]
[BlackElo "2040"]
[PlyCount "66"]
[EventDate "2011.06.11"]
[EventType "swiss"]
[EventRounds "7"]
[EventCountry "FRA"]
[SourceTitle "CBM 142 Extra"]
[Source "ChessBase"]
[SourceDate "2011.06.27"]
[SourceVersion "1"]
[SourceVersionDate "2011.06.27"]
[SourceQuality "1"]

1. e4 e6 2. d4 d5 3. exd5 exd5 4. Nf3 Bd6 5. Bd3 Nc6 6. Be3 Nge7 7. Nbd2 Bf5 8. Nb3 Qd7 9. Bxf5 Nxf5 10. Qd2 0-0 11. 0-0 Rfe8 12. Rfe1 Nxe3 13. Rxe3 Rxe3 14. Qxe3 Re8 15. Qd2 Re4 16. Re1 Qe7 17. Rxe4 dxe4 18. d5 Nb4 19. Nfd4 Qe5 20. g3 Qxd5 21. a3 Nc6 22. Nxc6 Qxc6 23. Na5 Qb5 24. c4 Qb6 25. b4 Bf8 26. Qd5 e3 27. c5 exf2+ 28. Kxf2 Qf6+ 29. Qf3 Qb2+ 30. Kf1 b6 31. cxb6 axb6 32. Nc6 Qxh2 33. Ne5 Qh3+ 0-1

[Event "Cappelle op 27th"]
[Site "Cappelle la Grande"]
[Date "2011.03.01"]
[Round "5"]
[White "Audin, Thierry"]
[Black "Nilsson, Sebastian"]
[Result "0-1"]
[WhiteElo "2034"]
[BlackElo "2344"]
[PlyCount "54"]
[EventDate "2011.02.26"]
[EventType "swiss"]
[EventRounds "9"]
[EventCountry "FRA"]
[SourceTitle "CBM 141 Extra"]
[Source "ChessBase"]
[SourceDate "2011.05.03"]
[SourceVersion "1"]
[SourceVersionDate "2011.05.03"]
[SourceQuality "1"]

1. d4 Nf6 2. Nc3 d5 3. Bg5 Nbd7 4. Qd3 e6 5. e4 dxe4 6. Nxe4 Be7 7. Bxf6 Nxf6 8. Nf3 0-0 9. Be2 Nd5 10. 0-0 b6 11. Ne5 Nf4 12. Qe3 Nxe2+ 13. Qxe2 Qxd4 14. Nc6 Qd7 15. Ne5 Qd5 16. Nc3 Qb7 17. Rad1 Bf6 18. f4 Bxe5 19. fxe5 Qc6 20. Ne4 Bb7 21. Rf4 Rad8 22. Rdf1 Qd5 23. Ng5 Rd7 24. c4 Qd2 25. Qg4 h5 26. Qh3 Rd3 27. g3 Qe3+ 0-1

[Event "Cappelle op 27th"]
[Site "Cappelle la Grande"]
[Date "2011.02.28"]
[Round "3"]
[White "Audin, Thierry"]
[Black "Petkov, Vladimir"]
[Result "0-1"]
[WhiteElo "2034"]
[BlackElo "2506"]
[PlyCount "46"]
[EventDate "2011.02.26"]
[EventType "swiss"]
[EventRounds "9"]
[EventCountry "FRA"]
[SourceTitle "CBM 141 Extra"]
[Source "ChessBase"]
[SourceDate "2011.05.03"]
[SourceVersion "1"]
[SourceVersionDate "2011.05.03"]
[SourceQuality "1"]

1. d4 Nf6 2. Nc3 d5 3. Bg5 Nbd7 4. Qd3 h6 5. Bxf6 Nxf6 6. e4 dxe4 7. Nxe4 c6 8. Nxf6+ exf6 9. 0-0-0 Be6 10. Qe3 Be7 11. Kb1 Qa5 12. c4 0-0 13. Nf3 Rfd8 14. Bd3 Rd7 15. Rc1 Rad8 16. Rhd1 f5 17. g4 fxg4 18. Ne5 Rxd4 19. Bh7+ Kxh7 20. Rxd4 Bf5+ 21. Ka1 Bg5 22. f4 gxf3 23. Rf4 Re8 0-1

[Event "Cappelle op 27th"]
[Site "Cappelle la Grande"]
[Date "2011.02.28"]
[Round "4"]
[White "Ten Hertog, Hugo"]
[Black "Audin, Thierry"]
[Result "1/2-1/2"]
[WhiteElo "2272"]
[BlackElo "2034"]
[PlyCount "57"]
[EventDate "2011.02.26"]
[EventType "swiss"]
[EventRounds "9"]
[EventCountry "FRA"]
[SourceTitle "CBM 141 Extra"]
[Source "ChessBase"]
[SourceDate "2011.05.03"]
[SourceVersion "1"]
[SourceVersionDate "2011.05.03"]
[SourceQuality "1"]

1. e4 e6 2. d4 d5 3. Nc3 Bb4 4. e5 c5 5. Bd2 Ne7 6. Nb5 Bxd2+ 7. Qxd2 0-0 8. c3 Nbc6 9. f4 f6 10. Nf3 a6 11. Nd6 cxd4 12. cxd4 Qb6 13. 0-0-0 Bd7 14. Kb1 Nc8 15. Nxc8 Raxc8 16. exf6 gxf6 17. g4 Na5 18. Bd3 Bb5 19. h4 Bc4 20. g5 Qb5 21. Bxc4 Nxc4 22. Qc3 Ne5 23. Qe3 Nc4 24. Qxe6+ Kh8 25. b3 Na3+ 26. Ka1 Nc2+ 27. Kb1 Na3+ 28. Ka1 Nc2+ 29. Kb1 1/2-1/2

[Event "Charleroi op"]
[Site "Charleroi"]
[Date "2010.08.03"]
[Round "5"]
[White "Audin, Thierry"]
[Black "Uhoda, Philippe"]
[Result "1/2-1/2"]
[WhiteElo "2011"]
[BlackElo "2143"]
[PlyCount "43"]
[EventDate "2010.07.31"]
[EventType "swiss"]
[EventRounds "9"]
[EventCountry "BEL"]
[SourceTitle "CBM 137 Extra"]
[Source "ChessBase"]
[SourceDate "2010.09.01"]
[SourceVersion "1"]
[SourceVersionDate "2010.09.01"]
[SourceQuality "1"]

1. d4 Nf6 2. Nc3 d5 3. Bg5 Nbd7 4. Qd3 h6 5. Bxf6 Nxf6 6. 0-0-0 c6 7. e4 dxe4 8. Nxe4 Nxe4 9. Qxe4 Qd5 10. Qxd5 cxd5 11. Bb5+ Bd7 12. Bxd7+ Kxd7 13. Nf3 f6 14. Nh4 g5 15. Ng6 Rg8 16. Nxf8+ Rgxf8 17. Rd3 h5 18. Re1 e6 19. Rb3 Rab8 20. Rbe3 Rfe8 21. Ra3 Ra8 22. Rae3 1/2-1/2

[Event "Roux CREC op"]
[Site "Roux"]
[Date "2009.07.27"]
[Round "4"]
[White "Audin, Thierry"]
[Black "Real, Thibault"]
[Result "1/2-1/2"]
[WhiteElo "2042"]
[BlackElo "1913"]
[PlyCount "69"]
[EventDate "2009.07.25"]
[EventType "swiss"]
[EventRounds "9"]
[EventCountry "BEL"]
[SourceTitle "EXT 2010"]
[Source "ChessBase"]
[SourceDate "2010.11.25"]
[SourceVersion "1"]
[SourceVersionDate "2010.11.25"]
[SourceQuality "1"]

1. d4 Nf6 2. Nc3 e6 3. e4 Bb4 4. Bg5 h6 5. Bxf6 Qxf6 6. Nf3 b6 7. Qd2 Bb7 8. Bd3 Nc6 9. a3 Bxc3 10. Qxc3 0-0-0 11. 0-0-0 Ne7 12. Kb1 g5 13. Rhf1 Ng6 14. Nd2 Qg7 15. g3 f6 16. a4 h5 17. a5 h4 18. axb6 axb6 19. Nc4 Kb8 20. Ne3 hxg3 21. hxg3 Rh3 22. b4 Rdh8 23. Kb2 Ne7 24. Ra1 d5 25. exd5 Nxd5 26. Nxd5 Bxd5 27. Bc4 Qd7 28. Bxd5 Qxd5 29. Ra7 c5 30. Re7 Qd6 31. Rf7 cxb4 32. Qf3 Qxd4+ 33. Kb1 Qd5 34. Qxd5 exd5 35. Rxf6 1/2-1/2

[Event "Roux CREC op"]
[Site "Roux"]
[Date "2009.07.27"]
[Round "3"]
[White "Houriez, Clement"]
[Black "Audin, Thierry"]
[Result "1-0"]
[WhiteElo "2314"]
[BlackElo "2042"]
[PlyCount "61"]
[EventDate "2009.07.25"]
[EventType "swiss"]
[EventRounds "9"]
[EventCountry "BEL"]
[SourceTitle "EXT 2010"]
[Source "ChessBase"]
[SourceDate "2010.11.25"]
[SourceVersion "1"]
[SourceVersionDate "2010.11.25"]
[SourceQuality "1"]

1. Nf3 d5 2. c4 e6 3. d4 Nf6 4. Nc3 Be7 5. Bf4 a6 6. e3 0-0 7. Qc2 c5 8. dxc5 dxc4 9. Bxc4 Bxc5 10. 0-0 b5 11. Bd3 Nbd7 12. Ne4 Qb6 13. Rac1 Be7 14. Bc7 Qa7 15. Ne5 Nxe5 16. Bxe5 Nd7 17. Bd6 Nb6 18. Rfd1 f5 19. Bxe7 Qxe7 20. Nc5 Nd5 21. Be2 Ra7 22. Bf3 Nb4 23. Qb3 a5 24. a3 Na6 25. Qxb5 g5 26. Qxa5 g4 27. Be2 Nxc5 28. Qxc5 Qg7 29. Qc3 e5 30. b4 Bb7 31. Qc7 1-0

[Event "Charleroi op 3rd"]
[Site "Charleroi"]
[Date "2004.08.03"]
[Round "5"]
[White "Uhoda, Philippe"]
[Black "Audin, Thierry"]
[Result "1-0"]
[WhiteElo "2140"]
[BlackElo "1984"]
[PlyCount "81"]
[EventDate "2004.07.03"]
[EventType "swiss"]
[EventRounds "9"]
[EventCountry "BEL"]
[SourceTitle "CBM 101 Extra"]
[Source "ChessBase"]
[SourceDate "2004.09.01"]
[SourceVersion "2"]
[SourceVersionDate "2004.09.01"]
[SourceQuality "1"]

1. d4 Nf6 2. c4 e5 3. dxe5 Ng4 4. Bf4 Nc6 5. Nf3 Bb4+ 6. Nc3 Qe7 7. Qd5 Bxc3+ 8. bxc3 f6 9. exf6 Nxf6 10. Qd3 d6 11. g3 0-0 12. Bg2 Kh8 13. 0-0 Bg4 14. Rfe1 Ne4 15. Nd4 Nxf2 16. Nxc6 Nxd3 17. Nxe7 Nxe1 18. Rxe1 Rae8 19. Nd5 c6 20. Bxd6 Rf7 21. Nf4 g5 22. Nh3 Rxe2 23. Rxe2 Bxe2 24. Nxg5 Rf5 25. h4 Bxc4 26. a3 Kg8 27. Bh3 Ra5 28. Bc8 Rb5 29. Kf2 Rb3 30. Ne4 b6 31. Ke3 c5 32. a4 Bf7 33. Bb8 a5 34. Bc7 Rb1 35. Bd7 Re1+ 36. Kf4 Bg6 37. Bc6 Rf1+ 38. Ke3 Kf7 39. Bxb6 Re1+ 40. Kd3 Ke6 41. Bxc5 1-0